000 01508nab a22002537a 4500
999 _c6005
_d6005
003 OSt
005 20260115230229.0
008 190605e xxu||||| |||| 00| 0 spa d
040 _cPJ
100 _94565
_aGonzález Rossi, Alejandro
245 1 3 _aEl trabajador autónomo de la Ley Bases. ¿Voluntarismo legal o racionalidad jurídica? /
_cAlejandro González Rossi.
260 _aCiudad Autónoma de Buenos Aires :
_bThomson Reuters La Ley,
_c2025.
300 _ap. 26-32
500 _aCita Online: Cita: TR LALEY AR/DOC/860/2025.
505 _aEn este trabajo se analiza el marco normativo de esta figura novedosa en Argentina, evaluando las implicancias de su triple subordinación legalizada, así como los inconvenientes derivados de su regulación y determinación. La exploración se centra en cómo esta nueva categoría puede afectar el equilibrio en el ámbito laboral, abriendo el debate sobre el mantenimiento de los conceptos laborales frente a las dinámicas del mercado propuestas actualmente y viceversa.
505 _t¿Te interesa el texto completo? Solicitalo al correo: koha@justierradelfuego.gov.ar
650 0 _91316
_aDERECHO LABORAL
650 0 _91323
_aCONTRATO DE TRABAJO
650 0 _91383
_aLEY DE CONTRATO DE TRABAJO
650 0 _94428
_aRELACIÓN DE DEPENDENCIA
650 0 _96170
_aFRAUDE LABORAL
773 0 _02711
_93168
_dCiudad Autónoma de Buenos Aires : Thomson Reuters La Ley, 1999-2002.
_tRevista de derecho del trabajo. Nº 3 - Mayo 2025
942 _2udc
_cANA